000 00942nam a2200265Ia 4500
003 OSt
005 20221005110017.0
006 a|||||r|||| 00| 0
007 ta
008 221004b |||||||| |||| 00| 0 hin d
020 _a8172014015 (pbk)
_c200
024 _a93534
037 _b528, 19/03/2009, Vani Prakashan
_cTextual
040 _aCRL
_cCRL
_bhin
041 _2hin
_ahin
082 _aO152,1I80w, P8
100 _aश्रीवास्तव, परमानंद
245 0 _aजायसी
246 _aJāyasī
260 _aनई दिल्ली
_bसाहित्य अकादेमी भारत
_c2008
300 _a65पृ0
_ccm.
490 _aभारतीय साहित्य के निर्माता
942 _hO152,1I80w, P8
_cTEXL
_2cc
999 _c1017519
_d1017519